000 00368nam a2200145Ia 4500
041 _aKurdish
082 _a891,1 cut-994 ک
100 _a20260118u\\\\\\\\\\\y0engy0103\\\\ba
100 _aدەرباز کەیفى
245 0 _aپەڕەى گولەکان مەوەرێنن - شیعر -
250 _aچ1
260 _aکۆیە
_c2008
300 _a59
942 _cBk
999 _c189353
_d189353